Vista normal
Vista MARC
Entrada Nombre Corporativo
Número de registros utilizados en: 1
001 - NUMERO DE CONTROL
- control field: 26996
003 - CONTROL NUMBER IDENTIFIER
- control field: AR-RoUNA
005 - FECHA Y HORA DE LA ÚLTIMA TRANSACCIÓN
- control field: 20250326080103.0
008 - ELEMENTOS DE DATOS DE LONGITUD FIJA
- fixed length control field: 250326|| aca||aabn | a|a d
040 ## - FUENTE DE CATALOGACIÓN
- Original cataloging agency: AR-RoUNA
- Transcribing agency: AR-RoUNA
110 ## - NOMBRE CORPORATIVO
- Nombre corporativo: Universidad Nacional de La Plata. Facultad de Ciencias Agrarias y Forestales
- Subordinate unit: Fundación Biofera
670 ## - SOURCE DATA FOUND
- Source citation: Work cat.: (AR-RoUNA)11876: Universidad Nacional de La Plata. Facultad de Ciencias Agrarias y Forestales Fundación Biofera. , Planeameinto paisajista y medio ambiente. , 1995.